Statistics for Bring Me The Horizon - That's The Spirit

Click here to take the quiz!

General Stats

  • This quiz has been taken 257 times
  • The average score is 9 of 11

Answer Stats

HintAnswer% Correct
2Happy Song
93%
9Drown
90%
1Doomed
88%
3Throne
88%
7Avalanche
86%
5Follow You
86%
4True Friends
85%
11Oh No
84%
10Blasphemy
79%
8Run
77%
6What You Need
72%

Score Distribution

Percentile by Number Answered

Percent of People with Each Score

Your Score History

You have not taken this quiz